Côte Est Africaine - Statistiques

Statistiques générales
  • Ce quiz a été pris 1 544 fois
  • Le résultat moyen est 8 sur 9
Réponses sur la Carte
Les réponses sont colorées sur une échelle allant du rouge au vert en fonction du pourcentage des utilisateurs qui les ont devinées à leur premier essai. Vous pouvez retrouver ces pourcentages ci-dessous.
 
Statistiques - réponses
Pays % Correct
Égypte
99%
Soudan
96%
Érythrée
93%
Somalie
92%
Djibouti
91%
Afrique du Sud
89%
Kenya
89%
Tanzanie
89%
Mozambique
88%
Aucun quiz correspondant
Distribution des résultats
% des personnes avec chaque résultat
Percentile par nombre de réponses
Votre historique - résultats
Vous n’avez pas pris ce quiz